01132cam a22001811 4500001001300000003000400013005001700017008004100034010001700075040001300092050001600105051003200121245058500153260007800738300005600816500003500872650004300907ca 33000215 DLC20260227111127.0960912s1932 nyuacf 000 0 eng  aca 33000215  aDLCcDLC00aND2880b.P3 aND2880b.P3 Copy 2cCopy 2.00aPanthéon de la guerre;bpanorama of the world war and its heroes, the largest painting in the world, 402 feet long--45 feet high, painted by twenty-eight famous French artists, assisted by more than one hundred other artists under the direction of Pierre Carrier-Belleuse and Auguste-Francois Gorguet and containing six thousand life-size portraits of world war heroes and leaders representing all the allied nations ... with a correct landscape of the battlefields of France and Belgium as they appeared in 1914-1918, reproduced in full color with complete descriptive text ... aNew York,aWashington [etc.]bThe Stockbridge press incorporated,cc1932. a15 p.billus. (incl. ports.) fold. col. pl.c29 cm. aText on verso of folded plate. 0aWorld war, 1914-1918xPictorial works.